Statistics for Cat type quiz

Click here to take the quiz!

General Stats

  • This quiz has been taken 19 times
  • The average score is 8 of 20

Answer Stats

Answer% Correct
Russian Blue
93%
Siamese
79%
Persian
57%
Ragdoll
57%
British Shorthair
50%
Chocolate Himalayan
50%
Cow
50%
Scottish Fold
50%
Bengal
43%
Sphynx
36%
Tortoise shell
36%
Cornish Rex
29%
Havana Brown
29%
Turkish Van
29%
Exotic shorthair
21%
American curl
14%
Bombay
14%
Korat
14%
Savannah
14%
Japanese Bobtail
7%

Score Distribution

Percentile by Number Answered

Percent of People with Each Score

Your Score History

You have not taken this quiz